[Event "ARG-ch sf U1700"]
[Site "San Luis"]
[Date "2016.07.09"]
[Round "3.4"]
[White "Aguilar, Marcelo"]
[Black "Velasque, Elio"]
[Result "0-1"]
[WhiteElo "1509"]
[BlackElo "1621"]
[PlyCount "84"]
[EventDate "2016.07.08"]
[EventType "swiss"]
[EventRounds "7"]
[EventCountry "ARG"]
[SourceTitle "EXT 2024"]
[Source "ChessBase"]
[SourceDate "2023.10.10"]
[SourceVersion "1"]
[SourceVersionDate "2023.10.10"]
[SourceQuality "1"]

1. d4 Nf6 2. Bg5 Ne4 3. h4 d5 4. Nd2 Nxg5 5. hxg5 Bf5 6. e3 e6 7. g4 Bg6 8. f4 f6 9. gxf6 gxf6 10. Ngf3 Nd7 11. Nb3 Bd6 12. Bb5 c6 13. Bd3 Bxd3 14. Qxd3 Qe7 15. Na5 Bb4+ 16. c3 Bxa5 17. g5 0-0-0 18. 0-0-0 f5 19. Rh6 Rdg8 20. b4 Bb6 21. b5 c5 22. Kb1 Rg6 23. Rh2 cxd4 24. cxd4 Kb8 25. a4 Qb4+ 26. Rb2 Qxa4 27. Rdd2 Rc8 28. Rh2 Rg7 29. Rh6 Nf8 30. Ne5 Rgc7 31. Rh1 Rc3 32. Qe2 Ra3 33. Ra2 Rcc3 34. Rxa3 Qxa3 35. Qa2 Qb4+ 36. Ka1 Ra3 37. Rxh7 Rxa2+ 38. Kxa2 Nxh7 39. g6 Nf6 40. g7 Qa5+ 41. Kb1 Qxb5+ 42. Ka1 Qe8 0-1